Statistics for Name the top 50 Linux Distros

Click here to take the quiz!

General Stats

  • This quiz has been taken 205 times
    (149 since last reset)
  • The average score is 11 of 50

Answer Stats

#Answer% Correct
6Ubuntu
99%
8Debian
84%
7Fedora
78%
3Mint
74%
49Red Hat
70%
4Manjaro
57%
17Kali
53%
10openSUSE
45%
36CentOS
43%
39Xubuntu
43%
48Gentoo
42%
34Lubuntu
42%
23Kubuntu
41%
5Pop!_OS
41%
19Slackware
28%
1MX Linux
22%
12Zorin
22%
30Alpine
19%
2EndeavourOS
18%
14elementary
17%
21FreeBSD
16%
9Garuda
16%
35NixOS
15%
13KDE neon
12%
11Lite
11%
26Puppy
11%
31Tails
10%
15antiX
9%
47deepin
9%
32Rocky
9%
27Solus
9%
45Ubuntu MATE
9%
37Devuan
6%
16PCLinuxOS
5%
28Peppermint
5%
18AlmaLinux
4%
20ArcoLinux
4%
22EasyOS
2%
29Linuxfx
2%
41Nitrux
2%
24SparkyLinux
2%
43ALT
1%
40Kodachi
1%
42Mabox
1%
50Salix
1%
33Bluestar
0%
44KaOS
0%
25Q4OS
0%
38SmartOS
0%
46Voyager
0%

Score Distribution

Percentile by Number Answered

Percent of People with Each Score

Your Score History

You have not taken this quiz since the last reset